<?xml version="1.0" encoding="UTF-8"?>
<record
    xmlns:xsi="http://www.w3.org/2001/XMLSchema-instance"
    xsi:schemaLocation="http://www.loc.gov/MARC21/slim http://www.loc.gov/standards/marcxml/schema/MARC21slim.xsd"
    xmlns="http://www.loc.gov/MARC21/slim">

  <leader>01004nam a2200205 a 4500</leader>
  <controlfield tag="001">BRCA_3664</controlfield>
  <controlfield tag="005">20190320204355.0</controlfield>
  <controlfield tag="008">020909s1968----mx-#---###---#000-0#spa-#</controlfield>
  <datafield tag="041" ind1=" " ind2=" ">
    <subfield code="a">spa</subfield>
  </datafield>
  <datafield tag="044" ind1=" " ind2=" ">
    <subfield code="a">mx</subfield>
  </datafield>
  <datafield tag="050" ind1=" " ind2="4">
    <subfield code="a">Z701</subfield>
    <subfield code="b">.B47 1968</subfield>
  </datafield>
  <datafield tag="100" ind1="1" ind2=" ">
    <subfield code="a">Berist&#xE1;in de Salinas, Helena</subfield>
    <subfield code="9">9512</subfield>
  </datafield>
  <datafield tag="245" ind1="1" ind2="0">
    <subfield code="a">M&#xE9;todo de restauraci&#xF3;n de libros y documentos</subfield>
    <subfield code="c">s&#xED;ntesis por Helena Berist&#xE1;in de Salinas.</subfield>
  </datafield>
  <datafield tag="260" ind1=" " ind2=" ">
    <subfield code="a">M&#xE9;xico</subfield>
    <subfield code="b">UNAM. Instituto de Investigaciones Bibliogr&#xE1;ficas</subfield>
    <subfield code="c">1968</subfield>
  </datafield>
  <datafield tag="300" ind1=" " ind2=" ">
    <subfield code="a">53 p.</subfield>
    <subfield code="c">27 cm.</subfield>
  </datafield>
  <datafield tag="440" ind1=" " ind2="0">
    <subfield code="a">Manuales de la Biblioteca Nacional</subfield>
    <subfield code="v">1</subfield>
    <subfield code="9">9513</subfield>
  </datafield>
  <datafield tag="500" ind1=" " ind2=" ">
    <subfield code="a">Traducci&#xF3;n extractada de la obra Patolog&#xED;a e terapia del libro, de Alfonso Gallo, Ed. Raggio, de Roma, 1951; con adiciones tomadas del folleto I microbi (Le monografie di riforma della scuola) y notas recogidas personalmente, sobre la pr&#xE1;ctica, por Helena Berist&#xE1;in, en el Instituto de Patolog&#xED;a del Libro, Alfonso Gallo, de Roma, en 1960</subfield>
  </datafield>
  <datafield tag="650" ind1="1" ind2="4">
    <subfield code="a">Libros</subfield>
    <subfield code="x">Conservaci&#xF3;n y restauraci&#xF3;n</subfield>
    <subfield code="9">1352</subfield>
  </datafield>
  <datafield tag="942" ind1=" " ind2=" ">
    <subfield code="2">lcc</subfield>
    <subfield code="c">B</subfield>
  </datafield>
  <datafield tag="999" ind1=" " ind2=" ">
    <subfield code="c">3396</subfield>
    <subfield code="d">3396</subfield>
  </datafield>
  <datafield tag="952" ind1=" " ind2=" ">
    <subfield code="0">0</subfield>
    <subfield code="1">0</subfield>
    <subfield code="4">0</subfield>
    <subfield code="7">0</subfield>
    <subfield code="a">BRCA</subfield>
    <subfield code="b">BRCA</subfield>
    <subfield code="d">2009-08-27</subfield>
    <subfield code="l">0</subfield>
    <subfield code="o">Z701 .B47 1968</subfield>
    <subfield code="p">02433</subfield>
    <subfield code="r">2019-03-22 00:00:00</subfield>
    <subfield code="w">2019-03-22</subfield>
    <subfield code="y">B</subfield>
  </datafield>
</record>
